| 000 | 00721nam a2200181 i 4500 | ||
|---|---|---|---|
| 001 | 102298 | ||
| 003 | ES-MaACL | ||
| 007 | t| | ||
| 008 | 051108m19061913sp ||||1| spa d | ||
| 100 | 1 |
_aMenéndez y Fernández, Carlos. _980330 |
|
| 245 | 1 | 0 |
_aGuía oficial de las aguas minero-medicinales y establecimientos balnearios de España / _cpor D. Carlos Menéndez y Fernández, D. Emilio de Miguel y Paredes y Fernando Martínez Carrillo. |
| 260 |
_aMadrid : _b[s.n.], _c1906-1913 ( _fImp. Hijos de J. A. García) |
||
| 300 |
_a2 v. ; _c22 cm. |
||
| 500 | _aSon los años 1906 y 1913. | ||
| 700 | 1 |
_aMiguel y Paredes, Emilio de. _981039 |
|
| 700 | 1 |
_aMartínez Carrillo, Fernando. _977932 |
|
| 852 |
_aES-MaACL _jG-1381-82 |
||
| 999 |
_c102298 _d102298 |
||